Statistics for Mario Characters!

Click here to take the quiz!

General Stats

  • This quiz has been taken 155 times
  • The average score is 21 of 33

Answer Stats

HintAnswer% Correct
The High Jumping BroLuigi
97%
Marios Main LovePeach
96%
Marios ArchenemyBowser
94%
The Main ProtagonistMario
93%
Marios Trusty SteedYoshi
92%
Citizens of The Mushroom KingdomToad
91%
Bowsers Turtle MinionsKoopa Troopa
87%
Marios Banana Loving EnemyDonkey Kong
86%
Princess Of SarasalandDaisy
82%
Marios RivalWario
82%
Luigis RivalWaluigi
81%
Bowsers Left Hand and SonBowser Jr.
80%
Queen Of The CosmosRosalina
74%
Toads GirlfriendToadette
73%
A Egg-Spitting DinoBirdo
72%
A Mysterious Enemy With A MaskShy Guy
71%
ANY Koopaling!Good Job!
70%
One Of The Main EnemiesGoomba
70%
Bowsers Bony TroopsDry Bones
69%
Ghost King and Luigis Mansion BaddieKing Boo
68%
Ink Spitting SquidBlooper
63%
Bowsers Wizard AssistantKamek
62%
Cloud Riding EnemyLakitu
61%
Peachs Mushroom AdvisorToadsworth
53%
Flash Liquidizer Ultra Dousing DeviceFLUDD
42%
Item Snatching RabbitNabbit
40%
Ghost Reasearcher At Luigis MansionProfessor E Gadd
39%
Citizens of Isle DelfinoPianta/Noki
32%
Overused Boss With Large FistsBoom Boom
29%
Goop Spitting BossPetey Pirahna
26%
I HAVE CHORTLES!Fawful
16%
Captain Of Starship MarioLubba
16%
Paper Marios Pixl CompanionTippi
11%

Score Distribution

Percentile by Number Answered

Percent of People with Each Score

Your Score History

You have not taken this quiz